A termelő keres vevőt Piackutatás és reklám

Elmentve itt :
Bibliográfiai részletek
Dokumentumtípus: Cikk
Megjelent: 1983-09-03
Sorozat:Délmagyarország 73 No. 208
Kulcsszavak:Univerzál Ktsz.
Online Access:http://dmarchiv.bibl.u-szeged.hu/104601
LEADER 00425nab a2200145 i 4500
001 delm104601
005 20190626104100.0
008 190626s1983 hu o 0|| hun d
040 |a SZTE Délmagyarország Archívum  |b hun 
041 |a hun 
245 0 2 |a A termelő keres vevőt   |h [elektronikus dokumentum] :  |b Piackutatás és reklám 
260 |c 1983-09-03 
300 |a 1 
490 0 |a Délmagyarország  |v 73 No. 208 
695 |a Univerzál Ktsz.